Visualizzazione normale
Vista MARC
- Russo Vincenzo
di Personal Name
Records bibliografici associati: 1
001 - CONTROL NUMBER
- control field: 7024
003 - CONTROL NUMBER IDENTIFIER
- control field: IT-RoPau
005 - DATE AND TIME OF LATEST TRANSACTION
- control field: 20140102101941.0
008 - FIXED-LENGTH DATA ELEMENTS
- fixed length control field: 140102|| aca||aabn | a|a d
040 ## - CATALOGING SOURCE
- Original cataloging agency: IT-RoPau
- Transcribing agency: IT-RoPau
100 ## - HEADING--PERSONAL NAME
- Personal name: Russo Vincenzo
- Dates associated with a name: Codice autore SPICS: 13669
- Relator term: Autore
- Name of part/section of a work: Scetate
670 ## - SOURCE DATA FOUND
- Source citation: Work cat.: (IT-RoPau)100039: AA.VV. 794, Neapolitan Mandolins (mandolini napoletani)-Lp Sm 3043